|
|
|
|
| LEADER |
00000naa2a2200000 4500 |
| 001 |
194248 |
| 005 |
20231031182237.0 |
| 035 |
|
|
|a (RuTPU)RU\TPU\book\211864
|
| 090 |
|
|
|a 194248
|
| 100 |
|
|
|a 20110408d2009 k y0rusy50 ca
|
| 101 |
0 |
|
|a rus
|
| 102 |
|
|
|a RU
|
| 200 |
1 |
|
|a Распад первоатома Леметра
|f В. В. Ласуков
|
| 320 |
|
|
|a Библиогр.: 19 назв.
|
| 461 |
|
1 |
|0 (RuTPU)RU\TPU\book\209137
|y 978-598298-543-9
|t Становление и развитие научных исследований в высшей школе
|o сборник трудов Международной научной конференции, посвященной 100-летию со дня рождения профессора А. А. Воробьева, Томск, 14-16 сентября 2009 г.
|f Российская академия наук (РАН) ; Ассоциация инженерного образования России (АИОР) ; Томский политехнический университет (ТПУ)
|d 2009
|
| 463 |
|
0 |
|0 (RuTPU)RU\TPU\book\208670
|y 978-5-98298-545-3
|t Т. 1
|v С. 103-109
|d 2009
|p 398 с.
|
| 610 |
1 |
|
|a первоатом Леметра
|
| 610 |
1 |
|
|a распад
|
| 610 |
1 |
|
|a геометродинамика
|
| 610 |
1 |
|
|a динамика
|
| 610 |
1 |
|
|a гравитационное поле
|
| 610 |
1 |
|
|a труды учёных ТПУ
|
| 700 |
|
1 |
|a Ласуков
|b В. В.
|c российский математик
|c доцент Томского политехнического университета
|g Владимир Васильевич
|2 stltpush
|3 (RuTPU)RU\TPU\pers\28144
|
| 801 |
|
1 |
|a RU
|b 63413507
|c 20110408
|
| 801 |
|
2 |
|a RU
|b 63413507
|c 20111103
|g RCR
|
| 942 |
|
|
|c BK
|